| Registos Bibliográficos associados ao registo de autoridade |
|
Etiqueta de registo: 00254nam 2200025 450 001 2288001 003 http://id.bnportugal.gov.pt/bib/catbnp/2288001 010 ## $a978-989-33-9536-3 021 ## $aPT$b562634/26 100 ## $a20260616d m y0pory01030103ba 101 0# $aspa$aeng 102 ## $aPT 105 ## $aa z 000yy 106 ## $ar 200 1# $aPaquito del Barrio$ehombre maduros haciendo berrinches y otras cosas de mariquitas$ftexto Ricardo Castro Ferreira, Rui Soares Esteves$gfot. Rui Soares Esteves Estúdio$grev. de textos Susana Alão, Concepcion Figueira 210 #9 $a[S.l.]$cDemons and Witches,$d2026 215 ## $a[96] p.$cil.$d31 cm 700 #1 $92$aFerreira,$bRicardo Castro$32000775 701 #1 $aEsteves,$bRui Soares$4070$3787311 702 #1 $aAlão,$bSusana $4640$32000776 702 #1 $aFigueira.,$bConcepcion$4640$32000777 801 #0 $aPT$bBN$gRPC 966 ## $lBN$mFGMON$x1 966 ## $lBN$mFGMON$x1 971 ## $cjbeatriz$d20260616
|
|
|